[Event "NB II. Erkel csoport"]
[Site "Fot"]
[Date "2024.03.03"]
[Round "5.4"]
[White "Gubics, Peter"]
[Black "Trajber, Csaba Dr"]
[Result "1-0"]
[WhiteElo "1972"]
[BlackElo "1978"]
[PlyCount "71"]
[EventDate "2023.10.08"]
[EventType "team-tourn"]
[EventRounds "9"]
[EventCountry "HUN"]
[Source "chess.hu"]
[WhiteTeam "Fot SE-LearningChess"]
[BlackTeam "Vaci SC"]
[WhiteTeamCountry "HUN"]
[BlackTeamCountry "HUN"]

1. c4 e5 2. Nc3 Nf6 3. g3 Bb4 4. Bg2 O-O 5. Qb3 Na6 6. Nf3 Re8 7. O-O h6 8. a3
Ba5 9. Qc2 c6 10. b4 Bc7 11. e4 d6 12. Bb2 Bg4 13. h3 Be6 14. d3 Qd7 15. Kh2
Nh7 16. Nd1 Rac8 17. Ne3 Ng5 18. Nxg5 hxg5 19. d4 f6 20. Rfd1 Qf7 21. Rac1 Nb8
22. d5 cxd5 23. exd5 Bd7 24. Be4 Qh5 25. Rh1 Kf7 26. g4 Qh6 27. Nf5 Bxf5 28.
Bxf5 Rh8 29. Be6+ Ke7 30. Kg2 Bb6 31. Bxc8 Rxc8 32. Qf5 Kd8 33. Qe6 Bc7 34. c5
Qg6 35. Rhe1 dxc5 36. d6 1-0

[Event "NB II. Erkel csoport"]
[Site "Fot"]
[Date "2024.03.03"]
[Round "5.5"]
[White "Veres, Istvan"]
[Black "Dancs, Zsolt"]
[Result "1/2-1/2"]
[WhiteElo "1983"]
[BlackElo "2064"]
[PlyCount "55"]
[EventDate "2023.10.08"]
[EventType "team-tourn"]
[EventRounds "9"]
[EventCountry "HUN"]
[Source "chess.hu"]
[WhiteTeam "Vaci SC"]
[BlackTeam "Fot SE-LearningChess"]
[WhiteTeamCountry "HUN"]
[BlackTeamCountry "HUN"]

1. e4 c5 2. Nf3 d6 3. d4 cxd4 4. Nxd4 Nf6 5. Nc3 a6 6. Be2 e5 7. Nb3 Be6 8. O-O
Be7 9. f4 Qc7 10. f5 Bc4 11. Bxc4 Qxc4 12. Qd3 Qc7 13. Be3 Nbd7 14. Rac1 Rc8
15. h3 h5 16. Rfd1 b5 17. a3 Nb6 18. Nd2 Nc4 19. Nd5 Nxd5 20. Nxc4 Qxc4 21.
exd5 O-O 22. Qxc4 Rxc4 23. c3 Re4 24. Kf2 Rc8 25. g3 a5 26. Kf3 Rec4 27. Bb6 a4
28. Re1 1/2-1/2

[Event "NB II. Erkel csoport"]
[Site "Fot"]
[Date "2024.03.03"]
[Round "5.6"]
[White "Piroska, Istvan"]
[Black "Slezak, Robert"]
[Result "1-0"]
[WhiteElo "1957"]
[BlackElo "1981"]
[PlyCount "61"]
[EventDate "2023.10.08"]
[EventType "team-tourn"]
[EventRounds "9"]
[EventCountry "HUN"]
[Source "chess.hu"]
[WhiteTeam "Fot SE-LearningChess"]
[BlackTeam "Vaci SC"]
[WhiteTeamCountry "HUN"]
[BlackTeamCountry "HUN"]

1. e4 Nf6 2. e5 Nd5 3. d4 d6 4. c4 Nb6 5. exd6 cxd6 6. h3 g6 7. Nf3 Bg7 8. Nc3
O-O 9. Be2 Nc6 10. O-O Bf5 11. Re1 d5 12. c5 Nc4 13. a3 b6 14. b3 N4a5 15. b4
Nc4 16. Bf4 bxc5 17. bxc5 N4a5 18. Rc1 a6 19. Na4 Be4 20. Nb6 Ra7 21. Qa4 Qe8
22. Bd2 Nb7 23. Bc3 e6 24. Qd1 Bxf3 25. Bxf3 Qd8 26. Qa4 Qc7 27. Bxd5 exd5 28.
Nxd5 Qd7 29. Qxc6 Nxc5 30. Qxc5 Rd8 31. Re7 1-0

[Event "NB II. Erkel csoport"]
[Site "Fot"]
[Date "2024.03.03"]
[Round "5.7"]
[White "Kiss, Pal Vac"]
[Black "Pallagi, Janos"]
[Result "1/2-1/2"]
[WhiteElo "1957"]
[BlackElo "1989"]
[PlyCount "25"]
[EventDate "2023.10.08"]
[EventType "team-tourn"]
[EventRounds "9"]
[EventCountry "HUN"]
[Source "chess.hu"]
[WhiteTeam "Vaci SC"]
[BlackTeam "Fot SE-LearningChess"]
[WhiteTeamCountry "HUN"]
[BlackTeamCountry "HUN"]

1. e4 e5 2. Nf3 Nf6 3. Nc3 Bb4 4. a3 Bxc3 5. dxc3 O-O 6. Bg5 h6 7. Bxf6 Qxf6 8.
Qd2 d6 9. h3 Nd7 10. O-O-O Qf4 11. Qxf4 exf4 12. Nd4 a6 13. f3 1/2-1/2

[Event "NB II. Erkel csoport"]
[Site "Fot"]
[Date "2024.03.03"]
[Round "5.8"]
[White "Mester, Attila"]
[Black "Torok, Tamas"]
[Result "0-1"]
[WhiteElo "1984"]
[BlackElo "1925"]
[PlyCount "90"]
[EventDate "2023.10.08"]
[EventType "team-tourn"]
[EventRounds "9"]
[EventCountry "HUN"]
[Source "chess.hu"]
[WhiteTeam "Fot SE-LearningChess"]
[BlackTeam "Vaci SC"]
[WhiteTeamCountry "HUN"]
[BlackTeamCountry "HUN"]

1. e4 c5 2. Nf3 d6 3. d4 cxd4 4. Nxd4 Nf6 5. Nc3 g6 6. Be3 a6 7. f3 h5 8. Qd2
Nc6 9. Be2 Nxd4 10. Bxd4 Bg7 11. Nd5 O-O 12. Nb6 Rb8 13. O-O Nd7 14. Bxg7 Kxg7
15. Nd5 b5 16. Kh1 Bb7 17. Ne3 Rh8 18. c4 Ba8 19. b3 b4 20. Rad1 Qb6 21. Rfe1
a5 22. Bf1 Qa7 23. Qb2+ Kh7 24. Qc2 Nc5 25. Nd5 Bxd5 26. Rxd5 f6 27. f4 Rhf8
28. e5 fxe5 29. fxe5 e6 30. Rxd6 Rf5 31. Bd3 Rg5 32. Rf1 Qg7 33. Re1 Rf8 34. h3
Nxd3 35. Qxd3 Rxe5 36. Rxe6 Ref5 37. Kg1 Qb2 38. R6e2 Qf6 39. Re7+ Rf7 40.
Rxf7+ Qxf7 41. Qd8 Qa7+ 42. Kh1 Qf2 43. Qe7+ Rf7 44. Qe2 Qg3 45. Qe5 Rf1+ 0-1

[Event "NB II. Erkel csoport"]
[Site "Fot"]
[Date "2024.03.03"]
[Round "5.9"]
[White "Kovolgyi, Krisztian"]
[Black "Harkanyi, Adam"]
[Result "0-1"]
[WhiteElo "1842"]
[BlackElo "1891"]
[PlyCount "68"]
[EventDate "2023.10.08"]
[EventType "team-tourn"]
[EventRounds "9"]
[EventCountry "HUN"]
[Source "chess.hu"]
[WhiteTeam "Vaci SC"]
[BlackTeam "Fot SE-LearningChess"]
[WhiteTeamCountry "HUN"]
[BlackTeamCountry "HUN"]

1. e4 c5 2. Nf3 d6 3. d4 cxd4 4. Nxd4 Nf6 5. Nc3 g6 6. Bc4 Bg7 7. O-O O-O 8.
Be3 Ng4 9. Re1 Nc6 10. Nxc6 bxc6 11. Qd2 Nxe3 12. Qxe3 Rb8 13. Bb3 a5 14. Rad1
Qc7 15. h3 Ba6 16. Qg3 e5 17. h4 Qe7 18. Qh2 Bh6 19. h5 Kg7 20. g4 Bc8 21. f3
Bf4 22. Qh1 f5 23. exf5 gxf5 24. Qg2 fxg4 25. fxg4 d5 26. Ne2 Be3+ 27. Kh1 Qg5
28. Ng1 Bf4 29. Nf3 Qf6 30. c4 d4 31. Rd3 c5 32. Rf1 e4 33. g5 Bxg5 34. Nxg5
Qxf1+ 0-1

[Event "NB II. Erkel csoport"]
[Site "Fot"]
[Date "2024.03.03"]
[Round "5.10"]
[White "Vrona, Mihail"]
[Black "Szaniszlo, Janos"]
[Result "1-0"]
[WhiteElo "1932"]
[BlackElo "1823"]
[PlyCount "41"]
[EventDate "2023.10.08"]
[EventType "team-tourn"]
[EventRounds "9"]
[EventCountry "HUN"]
[Source "chess.hu"]
[WhiteTeam "Fot SE-LearningChess"]
[BlackTeam "Vaci SC"]
[WhiteTeamCountry "HUN"]
[BlackTeamCountry "HUN"]

1. d4 d5 2. c4 e6 3. Nf3 Nf6 4. Bg5 Nbd7 5. e3 Be7 6. Nc3 O-O 7. Bd3 dxc4 8.
Bxc4 c5 9. O-O cxd4 10. Nxd4 a6 11. a3 e5 12. Nf5 b5 13. Ba2 Nc5 14. Nxe7+ Qxe7
15. Nd5 Qd8 16. Nxf6+ gxf6 17. Qxd8 Rxd8 18. Bxf6 Re8 19. b4 Ne4 20. Bd5 Nxf6
21. Bxa8 1-0

[Event "NB II. Erkel csoport"]
[Site "Fot"]
[Date "2024.03.03"]
[Round "5.11"]
[White "Prohaszka, Gyula Imre"]
[Black "Schmelowszky, David"]
[Result "0-1"]
[WhiteElo "1724"]
[BlackElo "1788"]
[PlyCount "62"]
[EventDate "2023.10.08"]
[EventType "team-tourn"]
[EventRounds "9"]
[EventCountry "HUN"]
[Source "chess.hu"]
[WhiteTeam "Vaci SC"]
[BlackTeam "Fot SE-LearningChess"]
[WhiteTeamCountry "HUN"]
[BlackTeamCountry "HUN"]

1. d4 Nf6 2. c4 d6 3. Nc3 g6 4. Bf4 Bg7 5. Qd2 O-O 6. Bh6 Nbd7 7. Bxg7 Kxg7 8.
Nf3 e5 9. e3 Qe7 10. O-O-O a6 11. h4 e4 12. Ng5 h6 13. Ngxe4 Nxe4 14. Nxe4 Qxe4
15. Bd3 Qe7 16. h5 Nf6 17. hxg6 fxg6 18. e4 Nh5 19. g4 Nf4 20. Kb1 g5 21. e5
Bxg4 22. Rdg1 Nxd3 23. Rxg4 Nxf2 24. exd6 Qf6 25. Rf1 Qf5+ 26. Kc1 Qxg4 27.
dxc7 Qf4 28. Rxf2 Qxf2 29. Qa5 Qxd4 30. c8=R Raxc8 31. Qxg5+ hxg5 0-1

[Event "NB II. Erkel csoport"]
[Site "Eger"]
[Date "2024.03.03"]
[Round "5.2"]
[White "Huszar, Mark"]
[Black "Nagyajtai, Gabor"]
[Result "1/2-1/2"]
[WhiteElo "2083"]
[BlackElo "2124"]
[PlyCount "187"]
[EventDate "2023.10.08"]
[EventType "team-tourn"]
[EventRounds "9"]
[EventCountry "HUN"]
[Source "chess.hu"]
[WhiteTeam "Egri Bolyky BastyaSE"]
[BlackTeam "Godolloi SBE"]
[WhiteTeamCountry "HUN"]
[BlackTeamCountry "HUN"]

1. e4 c5 2. Nf3 e6 3. d4 cxd4 4. Nxd4 a6 5. c4 Nf6 6. Nc3 Qc7 7. Be3 Bb4 8. Qd3
Bxc3+ 9. Qxc3 Nxe4 10. Nb5 axb5 11. Qxg7 Rf8 12. f3 Qa5+ 13. Kd1 Nf2+ 14. Bxf2
bxc4 15. Bxc4 h5 16. Bb3 Nc6 17. Re1 Ne7 18. Re5 Qc7 19. Rxh5 Ra5 20. Rh8 Qd6+
21. Bd4 Ng6 22. Rxf8+ Nxf8 23. Rc1 Ra8 24. Qe5 Qxe5 25. Bxe5 d5 26. Bc7 Ng6 27.
g3 Bd7 28. h4 Bc6 29. h5 Kd7 30. Bb6 Ne5 31. Ke2 Rg8 32. Bd4 Bb5+ 33. Ke3 Nc6
34. g4 e5 35. Bc5 Ke6 36. a4 Na5 37. Bd1 Nc4+ 38. Kf2 Nxb2 39. Rb1 Nxd1+ 40.
Rxd1 Bxa4 41. Rb1 Bc6 42. Be3 d4 43. Bd2 Ra8 44. Bb4 Kf6 45. Rb2 Ra1 46. Kg2
Rd1 47. Bd2 Ra1 48. Bb4 Ra8 49. Kg3 Ra1 50. Kg2 Kg7 51. Kf2 f6 52. Kg2 Rd1 53.
Bd2 Ra1 54. Bb4 Bd5 55. Kf2 Rh1 56. Kg2 Rc1 57. Kf2 Bc6 58. Bd2 Ra1 59. Bb4 Ra4
60. Kg3 Kf7 61. Kf2 Ke6 62. Kg3 Ra1 63. Kf2 Bd5 64. Kg2 Kf7 65. Kf2 Kg7 66. Kg2
Rd1 67. Bd2 b5 68. Kf2 Bc4 69. Kg3 Rf1 70. Bb4 Bd5 71. Rf2 Rb1 72. Be7 Rb3 73.
h6+ Kxh6 74. Bxf6 e4 75. Bxd4 Rxf3+ 76. Rxf3 exf3 77. Be3+ Kg6 78. Bd2 Kf6 79.
Bc3+ Ke6 80. Kf2 Be4 81. Ke3 Kf7 82. Kf2 Kg6 83. Bd2 Kf6 84. Bc3+ Kg5 85. Kg3
Bd5 86. Bd2+ Kf6 87. Bc3+ Ke6 88. Kf2 Be4 89. Kg3 Kd5 90. g5 Kc4 91. Bf6 Kd3
92. Kf2 b4 93. g6 Bxg6 94. Kxf3 1/2-1/2

[Event "NB II. Erkel csoport"]
[Site "Eger"]
[Date "2024.03.03"]
[Round "5.3"]
[White "Sillye, Kalman"]
[Black "Vas, Vince"]
[Result "1/2-1/2"]
[WhiteElo "2033"]
[BlackElo "1963"]
[PlyCount "47"]
[EventDate "2023.10.08"]
[EventType "team-tourn"]
[EventRounds "9"]
[EventCountry "HUN"]
[Source "chess.hu"]
[WhiteTeam "Godolloi SBE"]
[BlackTeam "Egri Bolyky BastyaSE"]
[WhiteTeamCountry "HUN"]
[BlackTeamCountry "HUN"]

1. d4 d5 2. Bf4 Nf6 3. e3 e6 4. Bd3 Bd6 5. Nd2 b6 6. c3 Bb7 7. Ngf3 O-O 8. Qe2
c5 9. Bxd6 Qxd6 10. O-O Nbd7 11. Rfe1 e5 12. dxe5 Nxe5 13. Nxe5 Qxe5 14. Nf3
Qe7 15. Rad1 a6 16. a4 c4 17. Bc2 Qc5 18. Nd4 b5 19. axb5 axb5 20. Ra1 b4 21.
Qd2 b3 22. Rxa8 Rxa8 23. Bb1 g6 24. f3 1/2-1/2

[Event "NB II. Erkel csoport"]
[Site "Eger"]
[Date "2024.03.03"]
[Round "5.4"]
[White "Huszar, Lorant"]
[Black "Papp, Lorinc"]
[Result "1-0"]
[WhiteElo "1959"]
[BlackElo "1920"]
[PlyCount "47"]
[EventDate "2023.10.08"]
[EventType "team-tourn"]
[EventRounds "9"]
[EventCountry "HUN"]
[Source "chess.hu"]
[WhiteTeam "Egri Bolyky BastyaSE"]
[BlackTeam "Godolloi SBE"]
[WhiteTeamCountry "HUN"]
[BlackTeamCountry "HUN"]

1. e4 c6 2. d4 d5 3. Nc3 dxe4 4. Nxe4 Nf6 5. Nxf6+ exf6 6. Nf3 Bd6 7. Bd3 O-O
8. Be3 Re8 9. Qd2 Be6 10. O-O Nd7 11. c4 Nf8 12. h3 Ng6 13. Rfd1 Bc7 14. Rac1
Qd7 15. Bf1 Qd6 16. g3 Rad8 17. d5 cxd5 18. cxd5 Bxd5 19. Qxd5 Qxd5 20. Rxd5
Rxd5 21. Rxc7 Ra5 22. Rxb7 Rxa2 23. Bc4 Ra1+ 24. Kg2 1-0

[Event "NB II. Erkel csoport"]
[Site "Eger"]
[Date "2024.03.03"]
[Round "5.5"]
[White "Nagy, Daniel"]
[Black "Kovacs, Daniel"]
[Result "0-1"]
[WhiteElo "1862"]
[BlackElo "1973"]
[PlyCount "78"]
[EventDate "2023.10.08"]
[EventType "team-tourn"]
[EventRounds "9"]
[EventCountry "HUN"]
[Source "chess.hu"]
[WhiteTeam "Godolloi SBE"]
[BlackTeam "Egri Bolyky BastyaSE"]
[WhiteTeamCountry "HUN"]
[BlackTeamCountry "HUN"]

1. d4 Nf6 2. Nf3 d5 3. c4 e6 4. g3 c6 5. Bg2 Bd6 6. c5 Bc7 7. b4 a5 8. Qa4 O-O
9. Nc3 Bd7 10. Bd2 Na6 11. a3 axb4 12. Nd1 bxa3 13. Rxa3 b6 14. Qc2 bxc5 15.
dxc5 Ne4 16. h4 Nxd2 17. Ng5 Ne4 18. Bxe4 dxe4 19. Qxe4 g6 20. Qc4 Bc8 21. Ne3
Rb8 22. O-O Rb4 23. Qc2 Qd4 24. Rd1 Qb2 25. Qd3 Rd8 26. Qxd8+ Bxd8 27. Rxd8+
Kg7 28. Rad3 Nxc5 29. Rd2 Qa1+ 30. Kg2 Qa6 31. Re8 Bd7 32. Re7 h6 33. Nxf7 Kf6
34. Rdxd7 Nxd7 35. Rxd7 Rb7 36. Ng4+ Kg7 37. Rxb7 Qxb7 38. Nfe5 Qb5 39. Nd3 c5
0-1

[Event "NB II. Erkel csoport"]
[Site "Eger"]
[Date "2024.03.03"]
[Round "5.6"]
[White "Domany, Mihaly"]
[Black "Zamodics, Ferenc"]
[Result "1-0"]
[WhiteElo "2034"]
[BlackElo "1856"]
[PlyCount "63"]
[EventDate "2023.10.08"]
[EventType "team-tourn"]
[EventRounds "9"]
[EventCountry "HUN"]
[Source "chess.hu"]
[WhiteTeam "Egri Bolyky BastyaSE"]
[BlackTeam "Godolloi SBE"]
[WhiteTeamCountry "HUN"]
[BlackTeamCountry "HUN"]

1. e4 c5 2. Nc3 e6 3. Nf3 a6 4. a4 Qc7 5. d4 cxd4 6. Nxd4 Nf6 7. Bd3 Bc5 8. Nb3
Bb4 9. Bd2 Nc6 10. O-O O-O 11. f4 d6 12. Qe2 Bd7 13. Rae1 Na5 14. e5 Nxb3 15.
exf6 Nxd2 16. fxg7 Nxf1 17. gxf8=Q+ Rxf8 18. Kxf1 Bxc3 19. bxc3 Qxc3 20. Qe4 f5
21. Qxb7 Bc6 22. Qe7 Bd5 23. Qxd6 Qd2 24. Re2 Qd1+ 25. Kf2 Qh1 26. Ke3 Qxh2 27.
c4 Qg3+ 28. Kd2 Bxg2 29. Qxe6+ Kh8 30. Qe5+ Kg8 31. c5 Kf7 32. Qxf5+ 1-0

[Event "NB II. Erkel csoport"]
[Site "Eger"]
[Date "2024.03.03"]
[Round "5.7"]
[White "Szemelyi, Balazs"]
[Black "Botos, Krisztian"]
[Result "1-0"]
[WhiteElo "1854"]
[BlackElo "1965"]
[PlyCount "105"]
[EventDate "2023.10.08"]
[EventType "team-tourn"]
[EventRounds "9"]
[EventCountry "HUN"]
[Source "chess.hu"]
[WhiteTeam "Godolloi SBE"]
[BlackTeam "Egri Bolyky BastyaSE"]
[WhiteTeamCountry "HUN"]
[BlackTeamCountry "HUN"]

1. e4 g6 2. d4 Bg7 3. Nc3 d6 4. Be3 Nf6 5. Qd2 Ng4 6. Bg5 h6 7. Bh4 Nc6 8. h3
Nf6 9. f4 a6 10. Nf3 b5 11. e5 dxe5 12. dxe5 Qxd2+ 13. Nxd2 Nh5 14. Nd5 O-O 15.
Be2 e6 16. Ne7+ Nxe7 17. Bxe7 Re8 18. Bxh5 Rxe7 19. Bf3 Rb8 20. Nb3 Bb7 21.
Bxb7 Rxb7 22. O-O-O f6 23. exf6 Bxf6 24. Rhe1 e5 25. Nc5 Rb6 26. Nd7 Rbe6 27.
Nxf6+ Rxf6 28. fxe5 Rf2 29. Rd2 Rxd2 30. Kxd2 Kf7 31. Rf1+ Kg7 32. Re1 Kf7 33.
Rf1+ Kg7 34. Rf6 Rxe5 35. Rxa6 Rg5 36. g4 Rd5+ 37. Ke3 Rc5 38. Kd3 c6 39. a4 h5
40. axb5 cxb5 41. Rb6 hxg4 42. hxg4 Rg5 43. b4 Kh6 44. Ke3 Rxg4 45. Rxb5 g5 46.
Rb8 Rg3+ 47. Kd4 g4 48. b5 Rg1 49. c4 g3 50. Rg8 g2 51. Kc5 Kh5 52. b6 Kh4 53.
b7 1-0

[Event "NB II. Erkel csoport"]
[Site "Eger"]
[Date "2024.03.03"]
[Round "5.8"]
[White "Kis, Jozsef"]
[Black "Torocsik, Jozsef"]
[Result "0-1"]
[WhiteElo "1957"]
[BlackElo "1828"]
[PlyCount "98"]
[EventDate "2023.10.08"]
[EventType "team-tourn"]
[EventRounds "9"]
[EventCountry "HUN"]
[Source "chess.hu"]
[WhiteTeam "Egri Bolyky BastyaSE"]
[BlackTeam "Godolloi SBE"]
[WhiteTeamCountry "HUN"]
[BlackTeamCountry "HUN"]

1. e4 e5 2. Nf3 Nc6 3. d4 exd4 4. Bc4 Be7 5. O-O d6 6. Nxd4 Ne5 7. Be2 Nf6 8.
f4 Ng6 9. Nc3 Bd7 10. g4 Bc6 11. Nxc6 bxc6 12. g5 Nd7 13. Be3 h6 14. Bh5 hxg5
15. Bxg6 fxg6 16. Qg4 Rh4 17. Qg2 Nf6 18. Rf3 g4 19. Rg3 Qd7 20. f5 gxf5 21.
exf5 d5 22. Bg5 Rh5 23. Bxf6 Bxf6 24. Re1+ Kf7 25. Rxg4 Rah8 26. Rxg7+ Bxg7 27.
Qg6+ Kf8 28. f6 Bxf6 29. Rf1 R8h7 30. Rxf6+ Rf7 31. Qxh5 Rxf6 32. Qh8+ Ke7 33.
Qg7+ Rf7 34. Qg4 Ke8 35. Qg8+ Rf8 36. Qg6+ Kd8 37. Qg5+ Kc8 38. Ne2 Qe6 39. Ng3
Qe1+ 40. Kg2 Qf2+ 41. Kh3 Rh8+ 42. Nh5 Kb8 43. Qe5 Qf3+ 44. Kh4 Rg8 45. h3 Qf2+
46. Ng3 Qxc2 47. Nf5 Qf2+ 48. Kh5 Qg2 49. Qe3 Qg6+ 0-1

[Event "NB II. Erkel csoport"]
[Site "Eger"]
[Date "2024.03.03"]
[Round "5.9"]
[White "Veres, Istvan"]
[Black "Gordos, Csaba Dr"]
[Result "0-1"]
[WhiteElo "1744"]
[BlackElo "1885"]
[PlyCount "38"]
[EventDate "2023.10.08"]
[EventType "team-tourn"]
[EventRounds "9"]
[EventCountry "HUN"]
[Source "chess.hu"]
[WhiteTeam "Godolloi SBE"]
[BlackTeam "Egri Bolyky BastyaSE"]
[WhiteTeamCountry "HUN"]
[BlackTeamCountry "HUN"]

1. e3 e5 2. d4 exd4 3. exd4 d5 4. Nf3 Nf6 5. Be2 Be7 6. O-O O-O 7. Nc3 Bf5 8.
Ne5 Re8 9. Bf4 c6 10. Bd3 Bxd3 11. Qxd3 Nbd7 12. Rfe1 Nh5 13. Nxd7 Nxf4 14. Qf5
Ne6 15. Ne5 Bf6 16. Rad1 Qd6 17. Ne2 Nxd4 18. Rxd4 Qxe5 19. Qd3 Qxd4 0-1

[Event "NB II. Erkel csoport"]
[Site "Eger"]
[Date "2024.03.03"]
[Round "5.10"]
[White "Orojan, Sandor"]
[Black "Nagy, Adrian"]
[Result "1-0"]
[WhiteElo "1716"]
[BlackElo "1732"]
[PlyCount "57"]
[EventDate "2023.10.08"]
[EventType "team-tourn"]
[EventRounds "9"]
[EventCountry "HUN"]
[Source "chess.hu"]
[WhiteTeam "Egri Bolyky BastyaSE"]
[BlackTeam "Godolloi SBE"]
[WhiteTeamCountry "HUN"]
[BlackTeamCountry "HUN"]

1. d4 d5 2. c4 e6 3. Nf3 Nf6 4. e3 Be7 5. Bd3 Nbd7 6. Nc3 O-O 7. O-O b6 8. Qc2
Bb7 9. a3 Rc8 10. b4 c5 11. bxc5 bxc5 12. cxd5 cxd4 13. Nxd4 Nxd5 14. Bd2 Qc7
15. Nxd5 Bxd5 16. Bxh7+ Kh8 17. Qxc7 Rxc7 18. Bd3 Bf6 19. Rac1 Rfc8 20. Rxc7
Rxc7 21. Nb5 Rb7 22. Bb4 Kg8 23. Rc1 Rb8 24. Nxa7 Ra8 25. Rc8+ Rxc8 26. Nxc8
Be5 27. Ne7+ Kh8 28. Nxd5 exd5 29. a4 1-0

[Event "NB II. Erkel csoport"]
[Site "Eger"]
[Date "2024.03.03"]
[Round "5.11"]
[White "Rigo, Jozsef"]
[Black "Huszar, Andras"]
[Result "0-1"]
[WhiteElo "1622"]
[BlackElo "1704"]
[PlyCount "74"]
[EventDate "2023.10.08"]
[EventType "team-tourn"]
[EventRounds "9"]
[EventCountry "HUN"]
[Source "chess.hu"]
[WhiteTeam "Godolloi SBE"]
[BlackTeam "Egri Bolyky BastyaSE"]
[WhiteTeamCountry "HUN"]
[BlackTeamCountry "HUN"]

1. d4 d5 2. c4 e6 3. e3 Nf6 4. Nf3 b6 5. Nc3 Bb7 6. cxd5 exd5 7. Bd3 Be7 8. O-O
O-O 9. Qc2 h6 10. Re1 Nbd7 11. Qb1 c5 12. b3 Rc8 13. Ba3 Re8 14. Ne5 cxd4 15.
Bxe7 Rxe7 16. Nxd7 Qxd7 17. Nd1 Qd6 18. Bf5 Rce8 19. Qd3 g6 20. Bh3 dxe3 21.
Nxe3 d4 22. Nc2 Be4 23. Qxd4 Bxc2 24. Rxe7 Qxd4 25. Rxe8+ Nxe8 26. Re1 Nf6 27.
g3 Ne4 28. Re3 Qd2 29. Rf3 Ng5 30. Rxf7 Kxf7 31. Bf1 Be4 32. Bc4+ Kf6 33. h4
Qe1+ 34. Bf1 Nh3+ 35. Kh2 Qxf1 36. f3 Bxf3 37. h5 Qg2# 0-1

[Event "NB II. Erkel csoport"]
[Site "Budapest"]
[Date "2024.03.03"]
[Round "5.1"]
[White "Nemeth, Zalan"]
[Black "Csati, Oliver"]
[Result "1-0"]
[WhiteElo "2238"]
[BlackElo "2247"]
[PlyCount "43"]
[EventDate "2023.10.08"]
[EventType "team-tourn"]
[EventRounds "9"]
[EventCountry "HUN"]
[Source "chess.hu"]
[WhiteTeam "EUTender-Sinus-SDSE"]
[BlackTeam "HASE"]
[WhiteTeamCountry "HUN"]
[BlackTeamCountry "HUN"]

1. c4 Nf6 2. g3 e6 3. Bg2 d5 4. Nf3 c5 5. cxd5 exd5 6. d4 Nc6 7. O-O Be7 8. b3
O-O 9. Bb2 Bg4 10. dxc5 Bxc5 11. Nc3 Re8 12. h3 Bh5 13. e3 a6 14. Ne2 Ne4 15.
Nf4 Bxf3 16. Bxf3 Qa5 17. Nxd5 Rad8 18. Bxe4 Rxe4 19. Qf3 Re6 20. Rfd1 Ne5 21.
Bxe5 Rxe5 22. b4 1-0

[Event "NB II. Erkel csoport"]
[Site "Budapest"]
[Date "2024.03.03"]
[Round "5.2"]
[White "Nagy, Ervin Dr"]
[Black "Szieberth, Adam"]
[Result "1-0"]
[WhiteElo "2170"]
[BlackElo "2270"]
[PlyCount "101"]
[EventDate "2023.10.08"]
[EventType "team-tourn"]
[EventRounds "9"]
[EventCountry "HUN"]
[Source "chess.hu"]
[WhiteTeam "HASE"]
[BlackTeam "EUTender-Sinus-SDSE"]
[WhiteTeamCountry "HUN"]
[BlackTeamCountry "HUN"]

1. g3 c5 2. Bg2 Nc6 3. e4 Nf6 4. f4 e5 5. fxe5 Nxe5 6. Nc3 d6 7. d3 h5 8. Bg5
h4 9. gxh4 Be7 10. Qd2 Bg4 11. h3 Bh5 12. Qf2 Qb6 13. Rb1 Qa5 14. Nge2 c4 15.
d4 Ng6 16. O-O Bxe2 17. Qxe2 Nxh4 18. e5 dxe5 19. Bxb7 Rd8 20. Bc6+ Kf8 21. d5
Ng6 22. Qxc4 Rxh3 23. Kg2 Rh5 24. Be3 Nh4+ 25. Kf2 Nf5 26. Rh1 Nxe3 27. Kxe3
Qb6+ 28. Ke2 g6 29. Na4 Qb8 30. Rbf1 Kg7 31. Rxh5 Nxh5 32. Kd1 Nf4 33. Kc1 Qb4
34. Qxb4 Bxb4 35. a3 Be7 36. c4 g5 37. Nc3 f5 38. b4 g4 39. c5 g3 40. d6 Bg5
41. Kc2 Ne6 42. Ne2 f4 43. Bd5 Nf8 44. c6 Rxd6 45. c7 Rxd5 46. c8=Q g2 47. Rd1
f3 48. Qb7+ Kh6 49. Qxd5 fxe2 50. Re1 Bh4 51. Qxg2 1-0

[Event "NB II. Erkel csoport"]
[Site "Budapest"]
[Date "2024.03.03"]
[Round "5.3"]
[White "Gara-Tarnoczi, Peter"]
[Black "Kovacs, Judit"]
[Result "1/2-1/2"]
[WhiteElo "2181"]
[BlackElo "2079"]
[PlyCount "27"]
[EventDate "2023.10.08"]
[EventType "team-tourn"]
[EventRounds "9"]
[EventCountry "HUN"]
[Source "chess.hu"]
[WhiteTeam "EUTender-Sinus-SDSE"]
[BlackTeam "HASE"]
[WhiteTeamCountry "HUN"]
[BlackTeamCountry "HUN"]

1. e4 c5 2. d4 cxd4 3. c3 d3 4. Bxd3 e6 5. c4 a6 6. Nc3 Qc7 7. Be3 d6 8. Nf3
Nf6 9. h3 Nbd7 10. O-O Be7 11. Rc1 b6 12. Qe2 Bb7 13. Rfd1 O-O 14. Bf4 1/2-1/2

[Event "NB II. Erkel csoport"]
[Site "Budapest"]
[Date "2024.03.03"]
[Round "5.4"]
[White "Demjen, Mark"]
[Black "Pasztor, Ferenc"]
[Result "1-0"]
[WhiteElo "1982"]
[BlackElo "2077"]
[PlyCount "103"]
[EventDate "2023.10.08"]
[EventType "team-tourn"]
[EventRounds "9"]
[EventCountry "HUN"]
[Source "chess.hu"]
[WhiteTeam "HASE"]
[BlackTeam "EUTender-Sinus-SDSE"]
[WhiteTeamCountry "HUN"]
[BlackTeamCountry "HUN"]

1. e4 e5 2. Nf3 Nf6 3. Nc3 Nc6 4. Bc4 Bc5 5. d3 h6 6. h3 a6 7. O-O d6 8. Be3
Bxe3 9. fxe3 Na5 10. Bb3 Nxb3 11. axb3 O-O 12. d4 Nd7 13. Qe2 c6 14. Rf2 Qe7
15. Raf1 Nf6 16. Nh4 Nh7 17. Nf5 Bxf5 18. Rxf5 g6 19. R5f2 Rae8 20. d5 c5 21.
g3 h5 22. h4 Kg7 23. Nb1 Qd8 24. Nd2 Qd7 25. Kg2 f6 26. Nf3 Kh6 27. Nh2 f5 28.
exf5 gxf5 29. e4 fxe4 30. Qxe4 Rxf2+ 31. Rxf2 Rf8 32. Qe3+ Kg7 33. Rxf8 Kxf8
34. Qh6+ Kg8 35. Qxh5 Nf6 36. Qg6+ Qg7 37. Qxg7+ Kxg7 38. c4 b5 39. Kf3 a5 40.
g4 a4 41. cxb5 axb3 42. b6 e4+ 43. Ke2 c4 44. b7 Nd7 45. Nf1 Kf6 46. g5+ Ke5
47. g6 c3 48. bxc3 b2 49. Nd2 Kf6 50. h5 Kg7 51. Ke1 e3 52. Nb1 1-0

[Event "NB II. Erkel csoport"]
[Site "Budapest"]
[Date "2024.03.03"]
[Round "5.5"]
[White "Vasyliv, Stanislav"]
[Black "Hangay, Oliver"]
[Result "1/2-1/2"]
[WhiteElo "2172"]
[BlackElo "1962"]
[PlyCount "125"]
[EventDate "2023.10.08"]
[EventType "team-tourn"]
[EventRounds "9"]
[EventCountry "HUN"]
[Source "chess.hu"]
[WhiteTeam "EUTender-Sinus-SDSE"]
[BlackTeam "HASE"]
[WhiteTeamCountry "HUN"]
[BlackTeamCountry "HUN"]

1. Nf3 Nf6 2. d4 d5 3. c4 e6 4. Bg5 Be7 5. e3 O-O 6. Nc3 Nbd7 7. cxd5 Nxd5 8.
Bxe7 Qxe7 9. e4 Nxc3 10. bxc3 c5 11. Bd3 b6 12. O-O Bb7 13. Qe2 Rfd8 14. a4 Nf6
15. Rfb1 Qc7 16. a5 bxa5 17. Rb5 Ba6 18. Rbxa5 Bxd3 19. Qxd3 cxd4 20. cxd4 Qb7
21. e5 Nh5 22. Qe3 g6 23. Qh6 f5 24. exf6 Nxf6 25. Ne5 Qe4 26. h4 Rxd4 27. h5
Rad8 28. hxg6 Rd1+ 29. Kh2 Qxe5+ 30. Rxe5 Ng4+ 31. Kh3 Nxh6 32. gxh7+ Kf7 33.
Rxa7+ Kf6 34. Re4 Rh1+ 35. Kg3 Nf5+ 36. Kf3 Rd4 37. Rxd4 Nxd4+ 38. Ke4 Nc6 39.
Rc7 Ne7 40. g4 Rxh7 41. f4 Rh1 42. f5 Re1+ 43. Kf3 exf5 44. gxf5 Nxf5 45. Ra7
Kg5 46. Ra4 Re3+ 47. Kf2 Rb3 48. Ke2 Kf6 49. Ra6+ Ke5 50. Ra5+ Ke4 51. Ra4+
Nd4+ 52. Kf2 Rd3 53. Ra8 Kf4 54. Rf8+ Nf5 55. Ke2 Ra3 56. Kd2 Ke4 57. Re8+ Kd5
58. Rd8+ Nd6 59. Rh8 Kd4 60. Rh4+ Ne4+ 61. Kc2 Rg3 62. Rf4 Rg2+ 63. Kb3 1/2-1/2